<?xml version="1.0" encoding="UTF-8"?>
<marc:record xmlns:marc="http://www.loc.gov/MARC21/slim">
   <marc:leader>00000nam a2200000 a 4500</marc:leader>
   <marc:datafield ind1="1" ind2=" " tag="100">
      <marc:subfield code="a">Hunter, Erin</marc:subfield>
      <marc:subfield code="4">aut</marc:subfield>
      <marc:subfield code="e">Verfasser/-in</marc:subfield>
   </marc:datafield>
   <marc:datafield ind1="0" ind2="0" tag="245">
      <marc:subfield code="a">Warrior Cats - Visionen von Schatten</marc:subfield>
   </marc:datafield>
   <marc:datafield ind1="0" ind2="0" tag="245">
      <marc:subfield code="b">; Fluss aus Feuer [Staffel VI Band 5]</marc:subfield>
   </marc:datafield>
   <marc:datafield ind1=" " ind2="1" tag="264">
      <marc:subfield code="b">Beltz &amp; Gelberg</marc:subfield>
      <marc:subfield code="c">2019</marc:subfield>
   </marc:datafield>
   <marc:datafield ind1="1" ind2=" " tag="490">
      <marc:subfield code="a">Vision von Schatten / Erin Hunter</marc:subfield>
   </marc:datafield>
   <marc:datafield ind1="1" ind2=" " tag="520">
      <marc:subfield code="a">Am Horizont lodert eine Feuersbrunst. Sie bedeutet Gefahr - und eine neue Ära für die Clans. Dunkelschweif ist tot und der lange verschollene WolkenClan zurückgekehrt. Die Clankatzen wähnen sich in Sicherheit. Doch nach so vielen Monden der Trennung und des Konflikts droht der SchattenClan unter seinem Anführer Kurzstern für immer auseinanderzubrechen. Neue Charaktere, Abenteuer und Intrigen: Staffel VI ist die perfekte Einführung für neue Leser in die Welt der Clans - und treue Fans der Reihe erleben das lang ersehnte Wiedersehen mit dem DonnerClan.</marc:subfield>
   </marc:datafield>
   <marc:datafield ind1=" " ind2=" " tag="020">
      <marc:subfield code="a">9783407812414</marc:subfield>
      <marc:subfield code="9">9783407812414</marc:subfield>
   </marc:datafield>
</marc:record>
